Statistiques concernant Monstres Aggressifs Minecraft

Cliquez ici pour prendre le quiz!

Statistiques générales

  • Ce quiz a été pris 101 fois
  • Le résultat moyen est 12 sur 32

Statistiques - réponses

AstuceMonstre% Correct
Vert, explose si on s'en approche de trop prèsCreeper
100%
Tire des flèches et brûle sous la lumière de soleilSquelette
100%
Vert, ambule la nuit et brûle sous la lumière de soleilZombie
100%
Grand et noir, peut se téléporter et prendre des blocsEnderman
95%
Jette des potions au joueurSorcière
94%
Peut grimper les murs et sauter très hautAraignée
92%
Quand tuée, Génère environ 4 plus petites versions d'elle-mêmeGelée
65%
Le dernier boss du jeu, battu dans sa propre dimension en espaceEnder dragon
53%
Blanc, vole autour du Nether, ressemble un peu à un calmarGhast
52%
Pille les villageois et inhabite une tourPillageois
47%
Boss qui généré par une formation T de sable d'âmes et trois têtes lâchées par le dessusWither
43%
Quand tué, lâche des bâtons nécessaires pour fabriquer l'oeil d'enderBlaze
35%
Inhabite le monument d'océan, attaque le joueur avec un rayonGardien
34%
La réponse à la première question après avoir passé trop de temps sous l'eauNoyé
32%
Un cochon qui n'attaque le joueur que quand il ne porte pas d'armure en orPiglin
32%
Montre insectoïde avec une chance de se générer après un tir de perle de l'EnderEndermite
27%
La contrepartie nether à la réponse à la troisième question. Inflige un debuffWither squelette
27%
Monstre très impitoyable généré quand on fait trop de bruit dans une cité ancienneWarden
25%
Trouvé dans les cités de l'End et tire des projectiles au joueur qui le font leverShulker
24%
Monstre insectoïde généré par un générateur devant le portail de l'EndPoisson d'argent
22%
Chevauché par un du dessus, fait beacoup de dégâts!Ravageur
19%
Invoqué par le dessus et vole au tour du joueurVex
19%
Chasse toute entité avec une hache en fer quand nommé 《Johnny》Vindicateur
16%
Aussi généré dans les manoirs des bois et attaque le joueur avec de la magieÉvocateur
13%
Un grand cochon qui est très aggressif!Hoglin
10%
La version zombifiée du dessus, attaque tout!Zoglin
10%
Comme le dessus, mais la contrepartie netherCube de magma
8%
La plus grande version du dessus, qui donne la fatigue d'extraction au joueurGrand gardien
8%
Une variante de la réponse à la troisième question qui apparaît dans les biomes glaciersVagabond
8%
La version zombifiée du dessus qui n'attaque le joueur que quand provoquéPiglin zombifié
6%
Attaque le joueur après ne pas avoir dormi les trois nuits dernièresFantômes
5%
Une variante de la réponse à la première question qui apparaît dans le désertZombie modifié
0%

Distribution des résultats

Percentile par nombre de réponses

% des personnes avec chaque résultat

Votre développement - résultats

Vous n’avez pas pris ce quiz